Can you read the Metal logo? #9 (Easy to Hard) - Statistics

General Stats
  • This quiz has been taken 19 times
  • The average score is 15 of 34
Answer Stats
Picture Hint Answer % Correct
Bad Breath
100%
Blackwater
100%
Haunt
100%
Demygod
86%
I, Destroyer
86%
Rotting Beetroot
86%
Obviously, the text at the bottom is not part of the name. Church
71%
Circle of Tyrants
71%
Down the Drain
71%
Norden Light
71%
Smoking Mirror
71%
Stash Hag
71%
Warbeast
71%
Bashed In
57%
Gaffed
57%
Deathrace
43%
Ichor
43%
Satan!
43%
Black Tamanous
14%
Bowel Erosion
14%
Carrion Bloom
14%
Contaminated
14%
Faceless Burial
14%
Normally those things would be cut off if these sorts of folks are facing the noose. Hands of Thieves
14%
Horns
14%
Gotta wonder how many of these hemophilic folks go down on lovers. Menstrual Vampires
14%
Ruined Existence
14%
Slog
14%
That middle spiral isn't part of the words. Kinda hard to think an edgy skater shoe brand has a band that shares its name with. The Fallen
14%
Unlord
14%
Vorlust
14%
Just in case you get stuck, the apple and cross are also letters. Want of Sin
14%
I won't kinkshame, but I feel like it might be a bit tough to get off like Ray Stanz that one time. Spectrophilia
0%
If it feels like you can't breathe, listen to that feeling to help you figure this name out. Strangulation
0%
No matching quizzes found
Score Distribution
Percent of People with Each Score
Percentile by Number Answered
Your Score History
You have not taken this quiz